| 000 | 00749nam a22002417 4500 | ||
|---|---|---|---|
| 001 | 60566 | ||
| 005 | 20260220161420.0 | ||
| 008 | 241128r |||a|||gr|||| 00| 0 spa d | ||
| 020 | _a9788497514729 / 9780521860635 | ||
| 040 |
_aCO-BoRNBP _bspa _erda _cCO-BoRNBP |
||
| 082 | 0 | 4 |
_a616.1 _bF37m |
| 100 | 1 |
_aFitridge , Robert _969094 |
|
| 110 | 1 |
_aautor _969095 |
|
| 245 | 1 | 0 |
_aMecanismos de la enfermedaad vascular : _bTexto para cirujanos vasculares _cautores robert fitridge; matthew Thompson |
| 250 | _a 1 a. edición | ||
| 264 | 1 |
_aLima, Peru : _bLexus _c2012 |
|
| 300 | _a408 páginas, | ||
| 336 |
_atexto _btxt _2rdacontenido |
||
| 337 |
_asin mediación _bn _2rdamedio |
||
| 338 |
_avolumen _bnc _2rdasoporte |
||
| 650 | 1 | 7 | _2LEMB |
| 942 | _cBK | ||
| 999 |
_c60566 _d60566 |
||